00580nam a22001817a 450000500170000001000150001702000280003203500130006003700130007310000170008624501040010326000380020727000470024530000240029250000510031670000110036770000200037820150806122059.0 aENG-113336 a9789351710066c1195.00  aEN-96868 bDBAD/PUB aLakshmi, I.  aWomen in history : cedited by Indira [and] R. Varalakshmi bfestschrift in honour of I. Lakshmi /  aNew Delhi bResearch India c2015 aE-6/34, Sangam Vihar, bNew Delhi e110062 axxv,333p.c23cm(Hb) aIncludes bibliographical references and index  aIndira aVaralakshmi,R.